Hereditární angioedém

Bibliographic Details
Main Authors: Vondráková, I. (Author), Kynčlová, S. (Author), Kredbová, V. (Author)
Format: Article
Language:Czech

MARC

LEADER 00000nab a2200000uu 4500
001 vtls011138867
003 SK-MaSNL
005 20260303131244.0
008 230218|1997 xo |||||||||||||||||cze|
015 |a SNBRB 
035 |a (urnnbn)urn:nbn:sk:snk:ar-007w0x 
035 |a (uuid)446a0d57-c740-408b-b166-b4c779daab8a 
035 |a urn:nbn:sk:snk-abar5w 
040 |a SNKBUCL  |b slo  |c SNKBUCL  |e AACR2 
041 0 |a cze 
044 |a xo  |c SK 
100 1 |a Vondráková, I.  |4 aut  |9 1147759 
245 1 0 |a Hereditární angioedém  |c I. Vondráková, S. Kynčlová, V. Kredbová 
700 1 |a Kynčlová, S.  |4 aut  |9 1147760 
700 1 |a Kredbová, V.  |4 aut  |9 1147761 
773 0 |t Československá pediatrie : časopis Pediatrické společnosti časopis Československé pediatrické společnosti, sekce Československé lékařské společnosti J.E. Purkyně ; časopis České a Slovenské pediatrické společnosti  |g Roč. 52, č. 3 (1997), s. 154-156 
954 |a odborná, vedecká literatúra cudzojazyčná (svetová)  |2 lita 
958 |a OND 
958 |a EUIPO 
958 |a article14 
999 |c 1944321  |d 1946251